Normal view
MARC view
- Faisal Mubarik
Entry Personal Name
001 - CONTROL NUMBER
- control field: 48012
003 - CONTROL NUMBER IDENTIFIER
- control field: NUST
005 - DATE AND TIME OF LATEST TRANSACTION
- control field: 20210314133942.0
008 - FIXED-LENGTH DATA ELEMENTS
- fixed length control field: 210314|| aca||aabn | a|a d
040 ## - CATALOGING SOURCE
- Original cataloging agency: NUST
- Transcribing agency: NUST
100 ## - HEADING--PERSONAL NAME
- Personal name: Faisal Mubarik
670 ## - SOURCE DATA FOUND
- Source citation: Work cat.: (NUST): Zahid. 48011, Connection of assualt bridges am-50 and hmb by7 providing an intermediate member/, 2002.
